000 006660000a22001210004500
100 1 _aSolano, Andrés Felipe
245 1 0 _aEl escritor oculto : Más de veinte años de escritura, viajes y silencio
300 _aVol.0, núm.7 (Abril, 2006), Páginas 12-13
500 _aPeriodista de crónicas de la revista Soho.
520 _aLa reedición de la obra del escritor antioqueño Tomás González recupera a una de las principales figuras de la literatura contemporánea colombiana. Poco conocido, distante con los medios y alejado de las cámaras, el escritor aceptó recibir a Arcadia en su casa.
773 0 _tArcadia / Andrés Felipe Solano, Editor
942 _cANA
999 _c61765
_d61765